| 000 | 01785nam a2200265 4500 | ||
|---|---|---|---|
| 001 | 0000010926 | ||
| 005 | 20250329165434.0 | ||
| 008 | 180709s2018 000 0 eng d | ||
| 040 |
_aCO-CtgCURN _bspa _ccoctgcurn |
||
| 082 | 0 |
_aENF 2018 _bF122 |
|
| 100 | 1 | _aFabra Agámez, Marley del Carmen. | |
| 245 | 1 | 0 |
_aAplicación de la teoría de Jean Watson en la práctica de enfermería en los servicios de urgencias, consulta externa, Pyp de un hospital de primer nivel de Cartagena, 2018 / _cMarley del Carmen Fabra Agámez; Dina María Gómez González; Irania Hernández Olascoaga; Katty Johana Ladeuth Correa; Asesor Leisly Sofia Beleño Pinedo. |
| 260 |
_aCartagena de Indias : _bCorporación Universitaria Rafael Núñez, _c2018. |
||
| 300 | _a109 h. | ||
| 504 | _aTrabajo de grado (Enfermeria). Corporacion Universitaria Rafael Nuñez. Facultad de la Salud. Enfermeria, 2018. | ||
| 520 | _aEl cuidado se considera como la piedra angular de la enfermería, por tanto, resulta pertinente indagar el modo en que este es aplicado a los pacientes. OBJETIVO: Determinar la aplicación de la teoría de Jean Watson en la práctica de enfermería en un hospital de primer nivel de la ciudad de Cartagena durante 2018. | ||
| 650 | 0 |
_aEnfermeria _vTesis y disertaciones academicas. |
|
| 700 | 1 | _aGómez González, Dina María. | |
| 700 | 1 | _aHernández Olascoaga, Irania. | |
| 700 | 1 | _aLadeuth Correa, Katty Johana. | |
| 700 | 1 |
_aBeleño Pinedo, Lesly Sofía, _eAsesor. |
|
| 856 | 7 |
_uhttps://unicurn.sharepoint.com/:b:/s/biblioteca/EV0MasLyFcpEt6V0K92J7I0BlagJiKQ428Vs39GAI8kGzQ?e=OpurFe _zClick aqui para ver el recurso en texto completo |
|
| 942 |
_2ddc _cTG _hENF 2018 _iF122 |
||
| 999 |
_c4000 _d4000 |
||